[Event "Sitges Sunway op 9th"]
[Site "Sitges"]
[Date "2022.12.13"]
[Round "2"]
[White "Perez Aleman, Pedro Tomas"]
[Black "Sarkar, Justin"]
[Result "0-1"]
[WhiteElo "1996"]
[BlackElo "2343"]
[PlyCount "80"]
[EventDate "2022.12.12"]
[EventType "swiss"]
[EventRounds "10"]
[EventCountry "ESP"]
[SourceTitle "CBM 211 Extra"]
[Source "ChessBase"]
[SourceDate "2023.01.31"]
[SourceVersion "1"]
[SourceVersionDate "2023.01.31"]
[SourceQuality "1"]

1. d4 Nf6 2. Nc3 d5 3. Bf4 c5 4. e4 cxd4 5. Qxd4 Nc6 6. Bb5 Bd7 7. Bxc6 Bxc6 8. e5 Nd7 9. e6 fxe6 10. Nf3 Qb6 11. Qd2 d4 12. Qxd4 Bxf3 13. Qxb6 Nxb6 14. gxf3 g6 15. Be5 Rg8 16. Ne4 Rc8 17. 0-0-0 h6 18. Rhg1 Nd5 19. Nc3 Nxc3 20. Bxc3 h5 21. Be5 Bh6+ 22. Kb1 Rc5 23. f4 Rd5 24. h4 Rf8 25. Rxd5 exd5 26. Rxg6 Bxf4 27. Bd4 b6 28. a4 Kd7 29. Rg7 Bd6 30. Be3 d4 31. Bg5 Rxf2 32. Rh7 a5 33. Rxh5 e5 34. Rh7+ Ke6 35. h5 e4 36. Rh6+ Kd5 37. Rf6 e3 38. Bh4 Bg3 39. Rxb6 Bxh4 40. h6 e2 0-1

[Event "Sitges Sunway op 9th"]
[Site "Sitges"]
[Date "2022.12.12"]
[Round "1"]
[White "Bournel, Antoine"]
[Black "Perez Aleman, Pedro Tomas"]
[Result "1-0"]
[WhiteElo "2392"]
[BlackElo "1996"]
[PlyCount "73"]
[EventDate "2022.12.12"]
[EventType "swiss"]
[EventRounds "10"]
[EventCountry "ESP"]
[SourceTitle "CBM 211 Extra"]
[Source "ChessBase"]
[SourceDate "2023.01.31"]
[SourceVersion "1"]
[SourceVersionDate "2023.01.31"]
[SourceQuality "1"]

1. d4 d5 2. c4 dxc4 3. e3 e5 4. Bxc4 exd4 5. exd4 Nf6 6. Qb3 Qe7+ 7. Ne2 Qb4+ 8. Nbc3 Qxb3 9. Bxb3 Bd6 10. 0-0 c6 11. Bf4 Bxf4 12. Nxf4 0-0 13. Rfe1 Re8 14. f3 a5 15. g4 g5 16. Nd3 Nbd7 17. Kf2 Nb6 18. Rxe8+ Nxe8 19. Re1 Kf8 20. a3 Nc7 21. Nc5 h6 22. N3e4 Nbd5 23. Nd6 b6 24. Bxd5 cxd5 25. Nxc8 Rxc8 26. Nd7+ Kg7 27. Rc1 b5 28. Rc6 b4 29. a4 b3 30. Nc5 Kf8 31. Na6 Nxa6 32. Rxc8+ Kg7 33. Ke2 Nb4 34. Rc5 Nc2 35. Rxd5 Kg6 36. Rxa5 Nxd4+ 37. Kf2 1-0

[Event "Lanzarote-ch"]
[Site "Arrecife de Lanzarote"]
[Date "2020.03.06"]
[Round "1"]
[White "Perez Aleman, Pedro Tomas"]
[Black "Gonzalez Perez, Randolph"]
[Result "1-0"]
[WhiteElo "2058"]
[BlackElo "1405"]
[PlyCount "20"]
[EventDate "2020.03.06"]
[EventType "swiss"]
[EventRounds "7"]
[EventCountry "ESP"]
[SourceTitle "EXT 2024"]
[Source "ChessBase"]
[SourceDate "2023.10.10"]
[SourceVersion "1"]
[SourceVersionDate "2023.10.10"]
[SourceQuality "1"]

1. e4 e5 2. Bc4 Nc6 3. Nf3 Be7 4. d4 exd4 5. Nxd4 Na5 6. Bxf7+ Kxf7 7. Qh5+ g6 8. Qxa5 Nf6 9. e5 b6 10. Qb5 Ne8 1-0

[Event "Benidorm op U2300 18th"]
[Site "Benidorm"]
[Date "2019.12.02"]
[Round "4"]
[White "Hristodorescu, Daniel"]
[Black "Perez Aleman, Pedro Tomas"]
[Result "1/2-1/2"]
[WhiteElo "2131"]
[BlackElo "1998"]
[PlyCount "132"]
[EventDate "2019.11.29"]
[EventType "swiss"]
[EventRounds "10"]
[EventCountry "ESP"]
[SourceTitle "EXT 2022"]
[Source "ChessBase"]
[SourceDate "2021.10.06"]
[SourceVersion "1"]
[SourceVersionDate "2021.10.06"]
[SourceQuality "1"]

1. e4 c5 2. Nf3 e6 3. d4 cxd4 4. Nxd4 Nc6 5. Nc3 Qc7 6. g3 a6 7. Bg2 Nf6 8. 0-0 Be7 9. h3 0-0 10. Kh2 d6 11. f4 Rd8 12. g4 e5 13. Nde2 exf4 14. Bxf4 Be6 15. Nd5 Bxd5 16. exd5 Ne5 17. Ng3 Rac8 18. Nf5 Bf8 19. c3 Qb6 20. Rb1 Rc4 21. Be3 Qa5 22. Bd4 Nxd5 23. b4 Qxa2 24. Ra1 Qb2 25. Kh1 Nxc3 26. Bxe5 Nxd1 27. Bxb2 Nxb2 28. Bxb7 Rxb4 29. Bd5 Ra4 30. Rae1 Nd3 31. Bxf7+ Kh8 32. Rb1 Rb4 33. Ra1 Nc5 34. Ne3 g6 35. Nd5 Rb7 36. Rae1 Kg7 37. Be8 Nd3 38. Re6 Ne5 39. g5 Rbb8 40. Ba4 Rb2 41. Be8 Rc8 42. Rxe5 Rcc2 43. Rf7+ Kh8 44. Rxf8+ Kg7 45. Rf7+ Kh8 46. Re1 Rh2+ 47. Kg1 Rbg2+ 48. Kf1 Rd2 49. Rf8+ Kg7 50. Rg8+ Kxg8 51. Nf6+ Kh8 52. Bc6 Rhf2+ 53. Kg1 Rfe2 54. Rf1 d5 55. Bxd5 Re5 56. Bf3 Rxg5+ 57. Kh1 Rg3 58. Bg4 Rgg2 59. Re1 Rh2+ 60. Kg1 Rhg2+ 61. Kh1 Rh2+ 62. Kg1 Rhg2+ 63. Kh1 Rh2+ 64. Kg1 Rdg2+ 65. Kf1 Rh1+ 66. Kxg2 Rxe1 1/2-1/2

[Event "Lanzarote-chT"]
[Site "Arrecife de Lanzarote"]
[Date "2019.03.09"]
[Round "2.2"]
[White "Perez Aleman, Pedro Tomas"]
[Black "Rabineau, Clement"]
[Result "0-1"]
[WhiteElo "2081"]
[BlackElo "2247"]
[PlyCount "78"]
[EventDate "2019.03.08"]
[EventType "team-tourn"]
[EventRounds "6"]
[EventCountry "ESP"]
[SourceTitle "EXT 2021"]
[Source "ChessBase"]
[SourceDate "2020.10.23"]
[SourceVersion "1"]
[SourceVersionDate "2020.10.23"]
[SourceQuality "1"]
[WhiteTeam "La Cochinilla Democracia"]
[BlackTeam "CIAL"]
[WhiteTeamCountry "ESP"]
[BlackTeamCountry "ESP"]

1. e4 g6 2. f4 Bg7 3. Nf3 d6 4. Bc4 Nf6 5. Nc3 0-0 6. d3 Nc6 7. a3 Bg4 8. Be3 e5 9. f5 gxf5 10. h3 Bxf3 11. gxf3 Nd4 12. Rg1 Kh8 13. Bg5 c6 14. Kd2 h6 15. Be3 d5 16. exd5 cxd5 17. Ba2 Ne6 18. Ne2 f4 19. Bf2 Ng5 20. Rxg5 hxg5 21. Qh1 Nh7 22. Rg1 f5 23. h4 g4 24. fxg4 fxg4 25. Rxg4 f3 26. Nc3 e4 27. Rxg7 Kxg7 28. Bd4+ Nf6 29. Nxd5 Kh7 30. Qg1 f2 31. Qg5 f1Q 32. Be3 Kh8 33. Qh6+ Nh7 34. Bd4+ Rf6 35. Qg6 e3+ 36. Kc3 Rc8+ 37. Kb4 Qd6+ 38. Ka4 b5+ 39. Ka5 Qa6+ 0-1

[Event "Fuerteventura op 1st"]
[Site "Fuerteventura"]
[Date "2016.09.30"]
[Round "1"]
[White "Sanchez Poce, Joaquin"]
[Black "Perez Aleman, Pedro Tomas"]
[Result "0-1"]
[WhiteElo "1491"]
[BlackElo "2102"]
[PlyCount "78"]
[EventDate "2016.09.30"]
[EventType "swiss"]
[EventRounds "7"]
[EventCountry "ESP"]
[SourceTitle "EXT 2017"]
[Source "ChessBase"]
[SourceDate "2016.10.25"]
[SourceVersion "1"]
[SourceVersionDate "2016.10.25"]
[SourceQuality "1"]

1. e4 e5 2. Nf3 Nc6 3. Bc4 Bc5 4. c3 Nf6 5. d4 exd4 6. cxd4 Bb4+ 7. Nbd2 Nxe4 8. a3 Bxd2+ 9. Nxd2 d5 10. Nxe4 dxc4 11. d5 Ne5 12. 0-0 0-0 13. Qd4 Re8 14. Bf4 Nd3 15. Bd2 b5 16. a4 c6 17. d6 Bf5 18. Bc3 f6 19. Nc5 Re5 20. Nxd3 Bxd3 21. Rfe1 Rd5 22. Qf4 Qxd6 23. Qxd6 Rxd6 24. Re7 Bf5 25. a5 c5 26. h3 b4 27. Be1 Rd7 28. Rxd7 Bxd7 29. Rd1 Bf5 30. Rd5 c3 31. Bxc3 bxc3 32. bxc3 Be6 33. Rxc5 Rc8 34. Rxc8+ Bxc8 35. f4 Kf7 36. Kf2 Ke6 37. Ke3 Kd5 38. Kd3 Ba6+ 39. Kc2 Ke4 0-1

[Event "ESP-ch 77th"]
[Site "San Agustin"]
[Date "2012.10.06"]
[Round "8"]
[White "Ramirez Medina, Victor"]
[Black "Perez Aleman, Pedro Tomas"]
[Result "1-0"]
[WhiteElo "1875"]
[BlackElo "2110"]
[PlyCount "99"]
[EventDate "2012.09.29"]
[EventType "swiss"]
[EventRounds "9"]
[EventCountry "ESP"]
[SourceTitle "EXT 2014"]
[Source "ChessBase"]
[SourceDate "2013.11.20"]
[SourceVersion "1"]
[SourceVersionDate "2013.11.20"]
[SourceQuality "1"]

1. e4 e5 2. Nf3 Nc6 3. Bb5 a6 4. Ba4 Nf6 5. 0-0 b5 6. Bb3 Be7 7. Re1 d6 8. c3 0-0 9. h3 Rb8 10. d4 exd4 11. cxd4 d5 12. e5 Ne4 13. Nbd2 Bf5 14. Bc2 Bb4 15. Re3 Bxd2 16. Bxd2 b4 17. Rc1 Na5 18. Bd3 Rb6 19. Be1 Qd7 20. Nh4 Be6 21. Qh5 f5 22. f3 Bf7 23. Qxf5 Be6 24. Qh5 Bf7 25. e6 Rxe6 26. Qf5 Bg6 27. Qg4 h5 28. Qxg6 Rxg6 29. Nxg6 Rb8 30. fxe4 Nc4 31. Bxc4 dxc4 32. Rxc4 Qf7 33. Ne5 Qf4 34. Bf2 Rf8 35. Nd3 Qf7 36. d5 a5 37. Rc5 a4 38. Rf3 Qg6 39. Rxf8+ Kxf8 40. Rc4 b3 41. axb3 axb3 42. Rd4 Qa6 43. e5 Qa1+ 44. Kh2 Qf1 45. d6 c5 46. Rd5 c4 47. d7 cxd3 48. d8Q+ Kf7 49. Qd7+ Kg6 50. Rd6+ 1-0

[Event "Canarias-chT"]
[Site "Fuerteventura"]
[Date "2012.06.08"]
[Round "4.2"]
[White "Ros Octavio de Toledo, Eduardo"]
[Black "Perez Aleman, Pedro Tomas"]
[Result "1/2-1/2"]
[WhiteElo "2138"]
[BlackElo "2124"]
[PlyCount "28"]
[EventDate "2012.06.07"]
[EventType "team-tourn"]
[EventRounds "7"]
[EventCountry "ESP"]
[SourceTitle "CBM 148 Extra"]
[Source "ChessBase"]
[SourceDate "2012.06.22"]
[SourceVersion "1"]
[SourceVersionDate "2012.06.22"]
[SourceQuality "1"]
[WhiteTeam "La Palma CajaCanarias"]
[BlackTeam "Sociedad Democracia"]
[WhiteTeamCountry "ESP"]
[BlackTeamCountry "ESP"]

1. Nf3 Nf6 2. c4 d6 3. d4 g6 4. Nc3 Bg7 5. e4 0-0 6. Be2 e5 7. Be3 Nc6 8. d5 Ne7 9. Nd2 Ne8 10. c5 f5 11. f3 f4 12. Bf2 g5 13. Qb3 Kh8 14. 0-0-0 Ng8 1/2-1/2

[Event "Gran Canaria CupT"]
[Site "Gran Canaria"]
[Date "2011.06.03"]
[Round "4.2"]
[White "Natalicchio Escalante, Ricardo Nicolas"]
[Black "Perez Aleman, Pedro Tomas"]
[Result "1-0"]
[WhiteElo "2222"]
[BlackElo "2107"]
[PlyCount "51"]
[EventDate "2011.06.02"]
[EventType "team-tourn"]
[EventRounds "7"]
[EventCountry "ESP"]
[SourceTitle "CBM 142 Extra"]
[Source "ChessBase"]
[SourceDate "2011.06.27"]
[SourceVersion "1"]
[SourceVersionDate "2011.06.27"]
[SourceQuality "1"]
[WhiteTeam "Victoria"]
[BlackTeam "Sociedad Democracia"]
[WhiteTeamCountry "ESP"]
[BlackTeamCountry "ESP"]

1. d4 Nf6 2. Nf3 g6 3. g3 Bg7 4. Bg2 0-0 5. 0-0 d6 6. Re1 Nbd7 7. e4 e5 8. Nc3 c6 9. a4 Qc7 10. h3 Rd8 11. Bg5 h6 12. Be3 d5 13. exd5 e4 14. dxc6 exf3 15. cxd7 fxg2 16. dxc8Q Raxc8 17. Qf3 Qb6 18. Rab1 Qb4 19. Kxg2 Rxc3 20. bxc3 Qxc3 21. Bf4 Qxc2 22. Be5 Nd5 23. Bxg7 Kxg7 24. Rxb7 Nf6 25. Ree7 Qa2 26. Qb3 1-0

[Event "Gran Canaria CupT"]
[Site "Gran Canaria"]
[Date "2011.06.03"]
[Round "3.2"]
[White "Perez Aleman, Pedro Tomas"]
[Black "De la Hoz Sanchez, Ruben"]
[Result "1-0"]
[WhiteElo "2107"]
[BlackElo "1999"]
[PlyCount "27"]
[EventDate "2011.06.02"]
[EventType "team-tourn"]
[EventRounds "7"]
[EventCountry "ESP"]
[SourceTitle "CBM 142 Extra"]
[Source "ChessBase"]
[SourceDate "2011.06.27"]
[SourceVersion "1"]
[SourceVersionDate "2011.06.27"]
[SourceQuality "1"]
[WhiteTeam "Sociedad Democracia"]
[BlackTeam "Vecindario CajaCanarias"]
[WhiteTeamCountry "ESP"]
[BlackTeamCountry "ESP"]

1. e4 Nf6 2. e5 Nd5 3. d4 d6 4. Nf3 Bg4 5. Be2 Nc6 6. exd6 cxd6 7. h3 Bh5 8. 0-0 e5 9. dxe5 dxe5 10. Nxe5 Nxe5 11. Bxh5 Be7 12. Qe2 Qc7 13. Re1 Nc6 14. Bxf7+ 1-0

[Event "Las Palmas Montalvo Memorial 4th"]
[Site "Las Palmas"]
[Date "2011.04.22"]
[Round "6"]
[White "Garcia Padron, Jose"]
[Black "Perez Aleman, Pedro Tomas"]
[Result "0-1"]
[WhiteElo "2434"]
[BlackElo "2108"]
[PlyCount "88"]
[EventDate "2011.04.18"]
[EventType "swiss"]
[EventRounds "9"]
[EventCountry "ESP"]
[SourceTitle "CBM 141 Extra"]
[Source "ChessBase"]
[SourceDate "2011.05.03"]
[SourceVersion "1"]
[SourceVersionDate "2011.05.03"]
[SourceQuality "1"]

1. e4 e5 2. Nf3 Nc6 3. d4 exd4 4. Nxd4 Bc5 5. Be3 Qf6 6. c3 Nge7 7. Bc4 Ne5 8. Be2 Qg6 9. 0-0 d6 10. Bh5 Qxe4 11. Nd2 Qd3 12. Be2 Qg6 13. Bh5 Qd3 14. Re1 0-0 15. Be2 Qg6 16. Bh5 Qd3 17. N2b3 Bb6 18. Bg5 Qxd1 19. Raxd1 N7c6 20. Re2 g6 21. Bf3 Nxf3+ 22. gxf3 Bd7 23. Nc2 Rfe8 24. Ne3 Ne5 25. Kg2 Bc6 26. Nd2 Kg7 27. Bh4 Nd3 28. Kf1 Nxb2 29. Rb1 Nd3 30. Bg3 f5 31. f4 Nc5 32. Ndc4 Be4 33. Rd1 Bf3 34. Red2 Ne4 35. Nd5 Nxd2+ 36. Rxd2 Bxd5 37. Rxd5 Re4 38. Nb2 Rae8 39. Nd3 Ra4 40. Nc1 Rae4 41. Nd3 Re2 42. a4 Ra2 43. c4 Rxa4 44. c5 Ra5 0-1

[Event "Las Palmas Montalvo Memorial 4th"]
[Site "Las Palmas"]
[Date "2011.04.21"]
[Round "5"]
[White "Perez Aleman, Pedro Tomas"]
[Black "Cabrera Trujillo, Jorge Juan"]
[Result "1-0"]
[WhiteElo "2108"]
[BlackElo "2392"]
[PlyCount "139"]
[EventDate "2011.04.18"]
[EventType "swiss"]
[EventRounds "9"]
[EventCountry "ESP"]
[SourceTitle "CBM 141 Extra"]
[Source "ChessBase"]
[SourceDate "2011.05.03"]
[SourceVersion "1"]
[SourceVersionDate "2011.05.03"]
[SourceQuality "1"]

1. c4 Nf6 2. Nf3 g6 3. Nc3 Bg7 4. e4 d6 5. d4 0-0 6. Be2 e5 7. 0-0 Nc6 8. d5 Ne7 9. Ne1 Nd7 10. Be3 f5 11. f3 f4 12. Bf2 g5 13. Rc1 Rf6 14. c5 Nxc5 15. b4 Na6 16. Nb5 Bd7 17. Qb3 Rh6 18. a4 Qe8 19. g4 Rh3 20. Rc3 h5 21. Kg2 hxg4 22. fxg4 Rh7 23. Nxc7 Nxc7 24. Rxc7 Ng6 25. Bb5 Bxb5 26. axb5 Qxb5 27. Qd3 Qxb4 28. Nf3 Bf6 29. Rxh7 Kxh7 30. Rb1 Qa4 31. Rxb7+ Kg8 32. Qb1 Be7 33. Qb4 Qxb4 34. Rxb4 Bd8 35. Ra4 a5 36. Be1 Nf8 37. Bb4 Ra6 38. Nd2 Rb6 39. Bxa5 Ra6 40. Nc4 Nd7 41. Ra3 Bxa5 42. Rxa5 Rxa5 43. Nxa5 Nc5 44. Kf3 Kf7 45. Nc4 Ke7 46. Nd2 Kd7 47. Nb1 Kc7 48. Nc3 Kb6 49. Ne2 Nb3 50. Nc3 Ka5 51. h4 gxh4 52. g5 Nc5 53. g6 Nd7 54. Kg4 Nf6+ 55. Kxh4 Kb4 56. Kg5 Ng8 57. Nd1 Kc4 58. Kg4 Kd4 59. Kf3 Kc5 60. Nf2 Kb6 61. Kg4 Kc7 62. Kg5 Kd7 63. g7 Ke7 64. Kg6 f3 65. Ng4 Kd7 66. Kf7 Nh6+ 67. Nxh6 f2 68. g8Q f1Q+ 69. Nf5 Kc7 70. Qe8 1-0

[Event "Las Palmas Montalvo Memorial 4th"]
[Site "Las Palmas"]
[Date "2011.04.20"]
[Round "3"]
[White "Del Rey, Diego"]
[Black "Perez Aleman, Pedro Tomas"]
[Result "1-0"]
[WhiteElo "2364"]
[BlackElo "2108"]
[PlyCount "131"]
[EventDate "2011.04.18"]
[EventType "swiss"]
[EventRounds "9"]
[EventCountry "ESP"]
[SourceTitle "CBM 141 Extra"]
[Source "ChessBase"]
[SourceDate "2011.05.03"]
[SourceVersion "1"]
[SourceVersionDate "2011.05.03"]
[SourceQuality "1"]

1. d4 Nf6 2. Bg5 Ne4 3. Bf4 g5 4. Bc1 h6 5. f3 Nf6 6. e4 d6 7. Be3 Bg7 8. Qd2 c6 9. c4 a6 10. Ne2 b5 11. Ng3 bxc4 12. Bxc4 d5 13. e5 dxc4 14. exf6 Bxf6 15. Nh5 Bf5 16. Nxf6+ exf6 17. 0-0 0-0 18. Na3 Qd5 19. Rfc1 Nd7 20. Nxc4 Rfe8 21. Bf2 Be6 22. Rc2 Rad8 23. Rac1 Nf8 24. Ne3 Qxa2 25. b4 Qa4 26. Rxc6 a5 27. d5 axb4 28. R6c4 Qa3 29. Rd4 b3 30. Nc4 Qa2 31. dxe6 Nxe6 32. Rxd8 Rxd8 33. Qxa2 bxa2 34. Ra1 Rb8 35. Nb6 Rd8 36. Be3 Rd3 37. Kf2 Ra3 38. Nd5 Kg7 39. Nb4 Rb3 40. Nxa2 Ra3 41. Bc1 Ra8 42. Bb2 Nc5 43. Nc1 Rd8 44. Bc3 Nd3+ 45. Nxd3 Rxd3 46. Ra3 Rd6 47. g4 Kg6 48. Ra8 Kg7 49. Ke3 Re6+ 50. Kd3 Kg6 51. Rg8+ Kh7 52. Rb8 Kg6 53. Bd4 Kg7 54. Rb6 Kg6 55. Rxe6 fxe6 56. Ke4 Kf7 57. Bc5 Kg6 58. Be7 Kf7 59. Bd8 Kg7 60. Kd4 Kg6 61. Kc5 f5 62. Kd6 Kf7 63. Ke5 f4 64. Bf6 Kg6 65. Kxe6 Kh7 66. Kf5 1-0

[Event "Las Palmas Montalvo Memorial 4th"]
[Site "Las Palmas"]
[Date "2011.04.19"]
[Round "2"]
[White "Perez Aleman, Pedro Tomas"]
[Black "Korneev, Svyatoslav"]
[Result "1-0"]
[WhiteElo "2108"]
[BlackElo "1846"]
[PlyCount "67"]
[EventDate "2011.04.18"]
[EventType "swiss"]
[EventRounds "9"]
[EventCountry "ESP"]
[SourceTitle "CBM 141 Extra"]
[Source "ChessBase"]
[SourceDate "2011.05.03"]
[SourceVersion "1"]
[SourceVersionDate "2011.05.03"]
[SourceQuality "1"]

1. e4 e6 2. d4 d5 3. Nd2 Nf6 4. e5 Nfd7 5. c3 c5 6. Bd3 Nc6 7. Ndf3 cxd4 8. cxd4 f6 9. exf6 Nxf6 10. Nh3 Bd6 11. 0-0 Qc7 12. Re1 0-0 13. Nhg5 e5 14. dxe5 Nxe5 15. Nxe5 Bxe5 16. Bxh7+ Kh8 17. h3 Nxh7 18. Nxh7 Bh2+ 19. Kh1 Kxh7 20. Qh5+ Kg8 21. Qxd5+ Kh8 22. Re4 Bf5 23. Rh4+ Bh7 24. Qe4 g6 25. Bd2 Rae8 26. Qxg6 Be5 27. Re1 Rf7 28. Rxe5 Rxe5 29. Bc3 Qxc3 30. bxc3 Ree7 31. Qd6 Re8 32. Qd4+ Rg7 33. Rg4 Reg8 34. Qf6 1-0

[Event "ESP-ch"]
[Site "El Sauzal"]
[Date "2010.09.12"]
[Round "9"]
[White "Galvan Sarmiento, Jose Luis"]
[Black "Perez Aleman, Pedro Tomas"]
[Result "1/2-1/2"]
[WhiteElo "2008"]
[BlackElo "2111"]
[PlyCount "104"]
[EventDate "2010.09.04"]
[EventType "swiss"]
[EventRounds "9"]
[EventCountry "ESP"]
[SourceTitle "CBM 138 Extra"]
[Source "ChessBase"]
[SourceDate "2010.10.29"]
[SourceVersion "1"]
[SourceVersionDate "2010.10.29"]
[SourceQuality "1"]

1. d4 Nf6 2. Nf3 d6 3. h3 g6 4. Bf4 Bg7 5. e3 0-0 6. Be2 Nc6 7. 0-0 Nd7 8. c4 e5 9. Bh2 f5 10. Nc3 e4 11. Nd2 Nf6 12. Qb3 Kh8 13. f3 Bh6 14. Nd1 Nxd4 15. exd4 Bxd2 16. f4 c6 17. Qc2 Ba5 18. Ne3 d5 19. Rad1 dxc4 20. Bxc4 Bb6 21. Qd2 Qd6 22. Kh1 Be6 23. b3 Rad8 24. Bg1 Nh5 25. Qf2 Bxd4 26. Rxd4 Qxd4 27. Bxe6 Qd2 28. a4 Qxf2 29. Rxf2 Rd3 30. Rc2 Ng3+ 31. Kh2 Rxe3 32. Bf2 Rf6 33. Bc4 b5 34. axb5 cxb5 35. Bxb5 Rxb3 36. Bc4 e3 37. Bxg3 Rb1 38. Ba2 Rd1 39. Bh4 Rf8 40. Rc8 Kg7 41. Rc7+ Kh8 42. Rxa7 Ra1 43. Ra8 Kg7 44. Rxf8 Kxf8 45. Bc4 Ra4 46. Be2 Rxf4 47. g4 Rd4 48. Kg3 fxg4 49. hxg4 Ra4 50. Bg5 h5 51. gxh5 gxh5 52. Bxh5 Kg7 1/2-1/2

[Event "ESP-ch"]
[Site "El Sauzal"]
[Date "2010.09.05"]
[Round "2"]
[White "Perez Aleman, Pedro Tomas"]
[Black "Sanchez Aller, Fernando"]
[Result "0-1"]
[WhiteElo "2111"]
[BlackElo "2323"]
[PlyCount "100"]
[EventDate "2010.09.04"]
[EventType "swiss"]
[EventRounds "9"]
[EventCountry "ESP"]
[SourceTitle "CBM 138 Extra"]
[Source "ChessBase"]
[SourceDate "2010.10.29"]
[SourceVersion "1"]
[SourceVersionDate "2010.10.29"]
[SourceQuality "1"]

1. e4 e5 2. Nf3 Nc6 3. Bb5 Bc5 4. c3 Bb6 5. d4 exd4 6. cxd4 Nce7 7. Bg5 c6 8. Ba4 f6 9. Be3 d5 10. e5 Bg4 11. h3 Bxf3 12. Qxf3 fxe5 13. Qh5+ Ng6 14. dxe5 Bxe3 15. fxe3 Qb6 16. 0-0 Qxb2 17. Qf5 N8e7 18. Qf7+ Kd8 19. Qe6 Qxe5 20. Qxe5 Nxe5 21. Nc3 Kc7 22. Rac1 Raf8 23. Nb5+ Kd7 24. Nd4 Rxf1+ 25. Rxf1 a6 26. Bc2 c5 27. Ne2 Kc6 28. a4 b5 29. axb5+ axb5 30. Ra1 Kb6 31. Nf4 N5c6 32. Rd1 Nb4 33. Bb1 g6 34. g4 Rd8 35. h4 Nbc6 36. g5 d4 37. Ne6 Rd6 38. Nf8 c4 39. exd4 Rxd4 40. Rxd4 Nxd4 41. Kf2 c3 42. h5 gxh5 43. Nxh7 b4 44. Nf6 b3 45. Ke3 c2 46. Bxc2 bxc2 47. Kd2 h4 48. Nd7+ Kb5 49. Ne5 h3 50. Ng4 Kb4 0-1